000 00253nam a22000977a 4500
999 _c11664
_d11664
008 191125b ||||| |||| 00| 0 eng d
020 _a9789351950684
100 _aMeyer Joyce
_97366
245 _aLet God Fight Your Battles
260 _aIndia
_bHachette
_c2015